000 00481nam a2200181Ia 4500
008 100917s9999 xx 000 0 und d
082 _b62996
100 _aहसमनीस द. का.
245 _aखंडणी
260 _bगुलमोहोर प्रकाशन
_c1983
300 _a188
365 _b30
520 _aकादंबरी
630 _aखंडणी
650 _aकादंबरी
730 _aखंडणी
942 _cBOOK
999 _c668390
_d668387